U.S. State Breadcrumb Trails #1 - Statistics

General Stats
  • This quiz has been taken 173 times
  • The average score is 24 of 50
Answers on the Map
Answers color-coded by a green-red scale on the quiz's map according to % correct below.
 
Answer Stats
# Hint Answer % Correct
3 Sees the Northern Lights the most of any state Alaska
100%
21 Like 3, it is usually not drawn to scale Hawaii
81%
2 Trail named after this state reached Missouri Oregon
78%
7 Dispute over Ellis Island with 30 New Jersey
77%
4 Only landlocked state for its time zone Nevada
76%
9 Features four stone faces, two of which were born in 6 South Dakota
72%
27 16 owns 1% of a famous park, this state owns 96% Wyoming
71%
30 Only state with more people than 22 in 1850 New York
70%
23 This 1854 Act involved 18 and this state Kansas
69%
31 23 is in its name Arkansas
67%
16 The Snake River defines 2's border with it Idaho
66%
28 After 3 and 21, this is the westernmost state Washington
66%
42 34's NBA team was defeated in the 2022 playoffs by this state's team Texas
61%
47 Only state that 14 dwarfs Rhode Island
58%
6 Successor of 13 in terms of statehood Virginia
57%
26 Borders 4, switched parties in 2020 Arizona
55%
12 In 2000, 44 and this state were swing states. Now both are red. Florida
54%
25 Succeeded 11 in secession to form the Confederacy Mississippi
54%
14 Its neighbor 22 is twenty-two times larger than it Delaware
53%
15 Its shape is very comparable to 27 Colorado
51%
17 Beats its neighbor 33 in corn production Iowa
51%
1 Voted against Nixon in the 1972 election Massachusetts
49%
18 Splits electoral votes like 8 does Nebraska
48%
22 22, 38, and 43 broke the Blue Wall in 2016 Pennsylvania
48%
34 4 separated from this territory Utah
48%
39 12's panhandle affects this state's coastline Alabama
47%
8 Controlled by 1 until 1820 Maine
47%
40 This state's panhandle prevents 23 and 42 from touching Oklahoma
47%
32 An important district is wedged between 6 and 32 Maryland
43%
13 Borders 8 to the west New Hampshire
43%
11 Lost to 2 in the 2024 Men's NCAA Tournament South Carolina
43%
46 Use the first letters of: 1, 2, 13, 50, 3, 18, 31 Montana
42%
50 Borders 5, 6, 20, 25, 31, 39, 41, and 48 Tennessee
42%
45 At its greatest extent, 42 contained half of this state New Mexico
41%
20 Between 6 and 11 geographically North Carolina
41%
5 Called the (30's nickname) of the South Georgia
40%
19 Seceded from 6 in the 1860s West Virginia
36%
44 Ulysses S. Grant lived in 30, but was born here Ohio
35%
33 Continue the sequence: 36, 25, 31, 50, 48, 41, 33 Illinois
34%
37 Smaller than its three neighbors: 9, 35, and 46 North Dakota
34%
41 Succeeds 36 and precedes 23 in alphabetical order Kentucky
30%
43 18, 25, 43, and 48 have capitals named after presidents Wisconsin
28%
48 Civil War border state west of 41 Missouri
27%
49 Only 1, 7, and 47 have a higher population density Connecticut
25%
38 Gained something from 43 in 1837 Michigan
25%
10 Was independent once, like 21 and 42 Vermont
25%
35 Like 1 and 46, borders two states with 11 letters Minnesota
24%
24 Allied with 42 in the 2024 movie "Civil War" California
22%
36 The river is named after 25, but it starts here Louisiana
19%
29 38 borders four, 30 borders two, its eastern neighbor 45 borders one Indiana
16%
No matching quizzes found
Score Distribution
Percent of People with Each Score
Percentile by Number Answered
Your Score History
You have not taken this quiz